[Event "DVM U14w 2019"]
[Site "Neumünster GER"]
[Date "2019.12.30"]
[Round "7"]
[White "Ipek, Meryem Zeynep"]
[Black "Neitzel, Emma"]
[Result "1-0"]
[Termination "normal"]
[Board "8.4"]
[WhiteElo "996"]
[BlackElo "931"]
[WhiteTeam "Schachgemeinschaft Turm Raesfeld/Erle"]
[BlackTeam "Elmshorner SC von 1896"]
[PlyCount "45"]
[WhiteFideId "16298390"]
[BlackFideId "16298373"]
[EventCountry "GER"]
[EventRounds "7"]
[EventType "team-swiss"]
[EventDate "2019.12.26"]

1. e4 c5 2. Nf3 e6 3. Nc3 a6 4. Bc4 b5 5. Be2 Nf6 6. O-O Be7 7. d3 O-O 8. b3 d5
9. Bf4 d4 10. Nb1 Bd6 11. e5 Nh5 12. Qd2 Nxf4 13. Qxf4 Be7 14. c3 dxc3 15. Nxc3
b4 16. Ne4 Bb7 17. Rfd1 Bxe4 18. Qxe4 Nd7 19. d4 Rc8 20. Bxa6 Ra8 21. Bb5 Ra5
22. Bd3 Qa8 23. Qxh7# 1-0